| 000 | 00507nam a2200193Ia 4500 | ||
|---|---|---|---|
| 003 | GCL | ||
| 008 | 140319s9999 xx 000 0 eng d | ||
| 040 |
_aGCL / _cGCL |
||
| 082 | 0 | 4 |
_a551.21 _bF V |
| 100 | 1 | _aFRANKEL, CHARLES | |
| 245 | 1 | 0 |
_aVOLCANOS OF THE SOLAR SYSTEM / _cFRANKEL, CHARLES |
| 260 |
_a[S.N] : _bCAMBRIBGE UNIVERSITY PRESS ، _c1996 |
||
| 300 | _a232 P | ||
| 650 | 0 | 4 | _aSOLAR SYSTEM |
| 650 | 0 | 4 | _aPLANETS - GEOLOGY |
| 650 | 0 | 4 | _aLUNAR GEOLOGY |
| 650 | 0 | 4 | _aVOLCANISM |
| 942 |
_2ddc _cBK |
||
| 999 |
_c13306 _d13306 |
||